MARC details
| 000 -CABECERA |
| campo de control de longitud fija |
01355nam a2200361 a 4500 |
| 001 - NÚMERO DE CONTROL |
| campo de control |
000039528 |
| 003 - IDENTIFICADOR DEL NÚMERO DE CONTROL |
| campo de control |
DO-SdBNP |
| 005 - FECHA Y HORA DE LA ÚLTIMA TRANSACCIÓN |
| campo de control |
20260305073951.0 |
| 007 - CAMPO FIJO DE DESCRIPCIÓN FÍSICA--INFORMACIÓN GENERAL |
| campo de control de longitud fija |
ta |
| 008 - DATOS DE LONGITUD FIJA--INFORMACIÓN GENERAL |
| campo de control de longitud fija |
130705s1973 dr 000 0 spa d |
| 040 ## - FUENTE DE LA CATALOGACIÓN |
| Centro catalogador/agencia de origen |
DO-SdBNP |
| Lengua de catalogación |
spa |
| Centro/agencia transcriptor |
BNPHU |
| 082 #4 - NÚMERO DE LA CLASIFICACIÓN DECIMAL DEWEY |
| Número de clasificación |
972.9302 |
| Número de documento/Ítem |
M938L, 1973 |
| Número de edición |
22 |
| 100 1# - ENTRADA PRINCIPAL--NOMBRE DE PERSONA |
| Nombre de persona |
Moya Pons, Frank, |
| Fechas asociadas al nombre |
1944- |
| 9 (RLIN) |
2095 |
| 245 13 - MENCIÓN DE TÍTULO |
| Título |
La española en el siglo XVI 1493-1520 : |
| Resto del título |
trabajo, sociedad y política en la economía del oro / |
| Mención de responsabilidad, etc. |
Frank Moya Pons. |
| 250 ## - MENCIÓN DE EDICIÓN |
| Mención de edición |
2a. ed. |
| 264 #1 - PRODUCCIÓN, PUBLICACIÓN, DISTRIBUCIÓN, FABRICACIÓN Y COPYRIGHT |
| Producción, publicación, distribución, fabricación y copyright |
Santiago, República Dominicana : |
| Nombre del de productor, editor, distribuidor, fabricante |
UCMM, |
| Fecha de producción, publicación, distribución, fabricación o copyright |
1973. |
| 300 ## - DESCRIPCIÓN FÍSICA |
| Extensión |
367 páginas ; |
| Dimensiones |
22 cm. |
| 336 ## - TIPO DE CONTENIDO |
| Fuente |
rdacontent |
| Término de tipo de contenido |
texto |
| Código de tipo de contenido |
txt |
| 337 ## - TIPO DE MEDIO |
| Fuente |
rdamedia |
| Nombre/término del tipo de medio |
sin mediación |
| Código del tipo de medio |
n |
| 338 ## - TIPO DE SOPORTE |
| Fuente |
rdacarrier |
| Nombre/término del tipo de soporte |
volumen |
| Código del tipo de soporte |
nc |
| 490 ## - MENCIÓN DE SERIE |
| Mención de serie |
Estudios |
| 500 ## - NOTA GENERAL |
| Nota general |
Incluye índice de nombres, lugares y materias mencionados en el texto |
| 500 ## - NOTA GENERAL |
| Nota general |
Incluye notas al pie de las páginas |
| 504 ## - NOTA DE BIBLIOGRAFÍA, ETC. |
| Nota de bibliografía, etc. |
Bibliografía : p. 341-346 |
| 590 ## - NOTA LOCAL (RLIN) |
| Nota local |
Inventariado, 2023/BT |
| 651 #4 - PUNTO DE ACCESO ADICIONAL DE MATERIA--NOMBRE GEOGRÁFICO |
| Nombre geográfico |
España |
| Subdivisión general |
Condiciones economicas |
| 9 (RLIN) |
19208 |
| 651 #0 - PUNTO DE ACCESO ADICIONAL DE MATERIA--NOMBRE GEOGRÁFICO |
| Nombre geográfico |
República Dominicana -- |
| Subdivisión general |
Historia -- |
| Subdivisión cronológica |
Hasta, 1844 |
| 9 (RLIN) |
138 |
| 651 #4 - PUNTO DE ACCESO ADICIONAL DE MATERIA--NOMBRE GEOGRÁFICO |
| Nombre geográfico |
Haití |
| Subdivisión general |
Historia |
| Subdivisión cronológica |
Hasta 1791 |
| 9 (RLIN) |
59192 |
| 651 #4 - PUNTO DE ACCESO ADICIONAL DE MATERIA--NOMBRE GEOGRÁFICO |
| Nombre geográfico |
España |
| Subdivisión general |
Colonias |
| Subdivisión geográfica |
América |
| Subdivisión general |
Administración |
| 9 (RLIN) |
15196 |
| 710 2# - PUNTO DE ACCESO ADICIONAL--NOMBRE DE ENTIDAD CORPORATIVA |
| Nombre de entidad corporativa o nombre de jurisdicción como elemento de entrada |
Pontificia Universidad Católica Madre y Maestra |
| 9 (RLIN) |
843 |
| 910 ## - DATOS DE OPCIÓN DEL USUARIO (OCLC) |
| Datos de opción del usuario |
Btavárez/Validado. Control de calidad MFF |
| 942 ## - ELEMENTOS DE PUNTO DE ACCESO ADICIONAL (KOHA) |
| Fuente del sistema de clasificación o colocación |
Dewey Decimal Classification |
| Tipo de ítem Koha |
Libro |